| 000 | 00433nam a2200157Ia 4500 | ||
|---|---|---|---|
| 008 | 240729s9999 xx 000 0 und d | ||
| 022 | _a2212-554X | ||
| 245 | 0 | _aInternational Journal of Mycobacteriology | |
| 260 | _aIndia | ||
| 260 | _bWolters Kluwer Medknow Publications | ||
| 650 | _a Microbiology | ||
| 650 | _aScience | ||
| 856 | _uhttps://doaj.org/toc/61dade99768e4d7199e5868491af0911 | ||
| 942 | _2ddc | ||
| 942 | _cDOAJEJ | ||
| 999 |
_c71794 _d71794 |
||
| 945 |
_a1 _bMadushi Gamage _c1 _dMadushi Gamage |
||